|
|
|
|
| LEADER |
01730nam a22003974a 4500 |
| 001 |
EBC3417081 |
| 003 |
MiAaPQ |
| 005 |
20200520144314.0 |
| 006 |
m o d | |
| 007 |
cr cn||||||||| |
| 008 |
021010s2003 miua sb 001 0 eng |
| 020 |
|
|
|z 0880992514 (pbk. : alk. paper)
|
| 020 |
|
|
|z 0880992522 (hardcover : alk. paper)
|
| 035 |
|
|
|a (MiAaPQ)EBC3417081
|
| 035 |
|
|
|a (Au-PeEL)EBL3417081
|
| 035 |
|
|
|a (CaPaEBR)ebr10103872
|
| 035 |
|
|
|a (OCoLC)52359798
|
| 040 |
|
|
|a MiAaPQ
|c MiAaPQ
|d MiAaPQ
|
| 043 |
|
|
|a n-us---
|
| 050 |
|
4 |
|a HD7256.U5
|b H68 2003
|
| 082 |
0 |
4 |
|a 331.5/9/0973
|2 21
|
| 100 |
1 |
|
|a Hotchkiss, Julie L.
|
| 245 |
1 |
4 |
|a The labor market experience of workers with disabilities
|h [electronic resource] :
|b the ADA and beyond /
|c Julie L. Hotchkiss.
|
| 260 |
|
|
|a Kalamazoo, Mich. :
|b W.E. Upjohn Institute for Employment Research,
|c 2003.
|
| 300 |
|
|
|a xiv, 229 p. :
|b ill.
|
| 504 |
|
|
|a Includes bibliographical references (p. 209-216) and index.
|
| 533 |
|
|
|a Electronic reproduction. Ann Arbor, MI : ProQuest, 2015. Available via World Wide Web. Access may be limited to ProQuest affiliated libraries.
|
| 610 |
1 |
0 |
|a United States.
|t Americans with Disabilities Act of 1990.
|
| 650 |
|
0 |
|a People with disabilities
|x Employment
|z United States.
|
| 650 |
|
0 |
|a People with disabilities
|x Employment
|x Government policy
|z United States.
|
| 650 |
|
0 |
|a Labor market
|z United States.
|
| 650 |
|
0 |
|a Discrimination in employment
|x Law and legislation
|z United States.
|
| 650 |
|
0 |
|a People with disabilities
|x Legal status, laws, etc.
|z United States.
|
| 655 |
|
4 |
|a Electronic books.
|
| 710 |
2 |
|
|a ProQuest (Firm)
|
| 856 |
4 |
0 |
|u https://ebookcentral.proquest.com/lib/matrademy/detail.action?docID=3417081
|z Click to View
|